| 000 | 00634nam a22002057a 4500 | ||
|---|---|---|---|
| 999 |
_c14743 _d14743 |
||
| 003 | AR-CdUCM | ||
| 008 | 190424b ||||| |||| 00| 0 spa d | ||
| 020 | _a978-84-9825-969-8 | ||
| 040 |
_aMUNICIPALIDAD PROVINCIAL DEL CUSCO _cBIBLIOTECA MUNICIPAL DEL CUSCO |
||
| 082 |
_aPI / 376.1 / _bM26 |
||
| 100 |
_aMar, Benegas _933619 |
||
| 245 | _aDiez ardillas / | ||
| 260 |
_aBarcelona : _bCombel, _c2015. |
||
| 300 |
_a12 páginas ; _bIlustraciones, _c16 cm. |
||
| 440 |
_aColección la cereza ; _933620 |
||
| 650 |
_aLiteratura infantil _9588 |
||
| 700 |
_aJammes, Laurence _933621 |
||
| 942 |
_2ddc _cLIBROS |
||
| 945 |
_awnts _d2019-04-24 |
||